[Event "Skopje MKD"]
[Site "Skopje MKD"]
[Date "2014.03.31"]
[Round "4.44"]
[White "Tosic, Miroslav"]
[Black "Grigoriadis, Alexandros"]
[Result "1-0"]
[WhiteElo "2426"]
[BlackElo "2255"]
[PlyCount "79"]
[EventDate "2014.03.29"]
[EventType "swiss"]
[EventRounds "9"]

1. d4 Nf6 2. c4 e6 3. g3 c5 4. Nf3 b6 5. Bg2 Bb7 6. d5 exd5 7. Nh4 g6 8. Nc3
Bg7 9. O-O O-O 10. cxd5 d6 11. a4 Na6 12. Bf4 h6 13. Nb5 Ne8 14. Be3 Nb4 15.
Qb3 a6 16. Na3 Nc7 17. Rad1 a5 18. Rd2 Qf6 19. Rfd1 g5 20. Nf3 Ncxd5 21. Rxd5
Bxd5 22. Rxd5 Qxb2 23. Nd2 Qa1+ 24. Ndb1 Bb2 25. Rd1 d5 26. Nc2 c4 27. Nxa1
cxb3 28. Nxb3 b5 29. Nc5 Rfd8 30. Bh3 d4 31. Bc1 Bxc1 32. Rxc1 bxa4 33. Bf5
Rab8 34. Na3 Na2 35. Ra1 Nc3 36. Kf1 Kg7 37. Bd3 Rdc8 38. Nd7 Rb4 39. Ne5 f6
40. Nec4 {....} 1-0

[Event "Skopje MKD"]
[Site "Skopje MKD"]
[Date "2014.03.31"]
[Round "4.45"]
[White "Dastan, Batuhan Muhammed"]
[Black "Jefic, Srdjan"]
[Result "1-0"]
[WhiteElo "2416"]
[BlackElo "2214"]
[PlyCount "45"]
[EventDate "2014.03.29"]
[EventType "swiss"]
[EventRounds "9"]

1. e4 c5 2. Nf3 e6 3. d4 cxd4 4. Nxd4 a6 5. Nc3 b5 6. Bd3 Qb6 7. Nf3 Bb7 8. O-O
Nc6 9. Qe2 d6 10. a4 b4 11. a5 Qc7 12. Na4 Nf6 13. Nb6 Rd8 14. Bxa6 Bxa6 15.
Qxa6 Nxe4 16. Qb5 Ke7 17. Bf4 h6 18. Qc4 d5 19. Qxe4 Qxb6 20. axb6 dxe4 21. Ne5
Rd6 22. Nxc6+ Rxc6 23. b7 1-0

[Event "Skopje MKD"]
[Site "Skopje MKD"]
[Date "2014.03.31"]
[Round "4.46"]
[White "Roeder, Mathias"]
[Black "Dragnev, Valentin"]
[Result "1-0"]
[WhiteElo "2416"]
[BlackElo "2205"]
[PlyCount "77"]
[EventDate "2014.03.29"]
[EventType "swiss"]
[EventRounds "9"]

1. Nf3 Nf6 2. c4 c5 3. g3 b6 4. Bg2 Bb7 5. O-O g6 6. Nc3 Bg7 7. d4 cxd4 8. Qxd4
d6 9. b3 Nbd7 10. Bb2 O-O 11. Rfd1 a6 12. Ne1 Bxg2 13. Nxg2 Rc8 14. Ne3 Rc5 15.
Ncd5 b5 16. b4 Rc6 17. cxb5 axb5 18. Rac1 Ra6 19. Rc8 Qxc8 20. Nxe7+ Kh8 21.
Nxc8 Rxc8 22. a3 h5 23. Qd3 Rb6 24. Bd4 Ra6 25. Ra1 Rb8 26. Qb3 Kg8 27. Rc1 Ne5
28. Bxe5 dxe5 29. Rc7 Rf8 30. Rb7 Ne4 31. Rxb5 Rfa8 32. Nc4 h4 33. gxh4 Rc8 34.
Rb7 Rac6 35. Nxe5 Rc1+ 36. Kg2 Nd6 37. Rxf7 Bxe5 38. Re7+ Nc4 39. Rxe5 1-0

[Event "Skopje MKD"]
[Site "Skopje MKD"]
[Date "2014.03.31"]
[Round "4.47"]
[White "Petrov, Georgi"]
[Black "Karavade, Eesha"]
[Result "1/2-1/2"]
[WhiteElo "2210"]
[BlackElo "2408"]
[PlyCount "49"]
[EventDate "2014.03.29"]
[EventType "swiss"]
[EventRounds "9"]

1. e4 c5 2. Nf3 d6 3. d4 cxd4 4. Nxd4 Nf6 5. Nc3 a6 6. Bg5 e6 7. f4 Qc7 8. Qf3
b5 9. a3 Nbd7 10. O-O-O Bb7 11. Bd3 Be7 12. Rhe1 O-O-O 13. Kb1 Kb8 14. Bh4 Nc5
15. Bf2 Nfd7 16. g4 Nb6 17. Nb3 d5 18. Bxc5 Bxc5 19. exd5 Bxa3 20. Be4 exd5 21.
Nxd5 Nxd5 22. Bxd5 Bb4 23. Re3 Bxd5 24. Rxd5 Rxd5 25. Qxd5 1/2-1/2

[Event "Skopje MKD"]
[Site "Skopje MKD"]
[Date "2014.03.31"]
[Round "4.49"]
[White "Glavinac, Goran"]
[Black "Cabrilo, Goran"]
[Result "0-1"]
[WhiteElo "2164"]
[BlackElo "2406"]
[PlyCount "92"]
[EventDate "2014.03.29"]
[EventType "swiss"]
[EventRounds "9"]

1. d4 Nf6 2. c4 g6 3. Nc3 Bg7 4. Nf3 O-O 5. Bf4 c5 6. d5 Qa5 7. Bd2 d6 8. e4 e6
9. Bd3 exd5 10. exd5 Re8+ 11. Kf1 Bg4 12. Nb5 Qb6 13. a4 a6 14. a5 Qd8 15. Nc3
Nbd7 16. Bf4 Ne5 17. Be2 Bxf3 18. gxf3 Nh5 19. Bg3 Bh6 20. Ra3 f5 21. f4 Nxf4
22. Bxf4 Bxf4 23. h4 Qf6 24. Rb3 Re7 25. Rb6 Rae8 26. Kg2 Nf7 27. Bf3 Be5 28.
Qb3 Bxc3 29. bxc3 Nd8 30. Qb2 Re1 31. Rxe1 Rxe1 32. Qd2 Re7 33. Kg3 Nf7 34. Rb1
Kg7 35. Rb3 h6 36. Qc2 Nd8 37. Qc1 Qe5+ 38. Kg2 Qf6 39. Qf4 Nf7 40. Qc1 Nd8 41.
Qh1 g5 42. h5 Qe5 43. Qf1 Qf4 44. Rb2 Kf6 45. Bd1 Nf7 46. Rc2 Ne5 0-1

[Event "Skopje MKD"]
[Site "Skopje MKD"]
[Date "2014.03.31"]
[Round "4.50"]
[White "Petrisor, Adrian Marian"]
[Black "Ilic, Ljubomir"]
[Result "1-0"]
[WhiteElo "2406"]
[BlackElo "2195"]
[PlyCount "111"]
[EventDate "2014.03.29"]
[EventType "swiss"]
[EventRounds "9"]

1. e4 d5 2. exd5 Qxd5 3. Nf3 Nf6 4. d4 Bg4 5. Be2 Nc6 6. O-O O-O-O 7. c4 Qf5 8.
d5 Bxf3 9. Bxf3 Ne5 10. Be2 e6 11. Nc3 c6 12. Qa4 exd5 13. cxd5 Nxd5 14. Qxa7
Nxc3 15. Qa8+ Kc7 16. Qa5+ Kc8 17. Qxc3 h5 18. Be3 Bd6 19. Bb6 Bc7 20. Bxc7
Kxc7 21. b4 Kb8 22. Rab1 f6 23. b5 cxb5 24. Rxb5 Rd7 25. Rfb1 Rc8 26. Qb4 Rcc7
27. h3 Qc2 28. Rb2 Qc1+ 29. Kh2 h4 30. Qxh4 Qe1 31. Rb6 Rc1 32. Qh8+ Rc8 33.
Qh4 Rc1 34. Qb4 Qxb4 35. R6xb4 Nc6 36. Rc4 Rxc4 37. Bxc4 Ne5 38. Be2 Ka7 39. f4
Nc6 40. Bb5 Rd4 41. g3 Nb4 42. h4 Nd5 43. Be2 Nc3 44. Bf3 b5 45. Rb3 Rc4 46.
Kh3 Kb6 47. Ra3 Rc7 48. h5 b4 49. Ra8 Ra7 50. Rxa7 Kxa7 51. g4 Nxa2 52. g5 fxg5
53. fxg5 Nc3 54. h6 gxh6 55. gxh6 b3 56. Bg4 1-0

[Event "Skopje MKD"]
[Site "Skopje MKD"]
[Date "2014.03.31"]
[Round "4.51"]
[White "Nestorovic, Lazar"]
[Black "Megalios, Konstantinos"]
[Result "1-0"]
[WhiteElo "2381"]
[BlackElo "2192"]
[PlyCount "105"]
[EventDate "2014.03.29"]
[EventType "swiss"]
[EventRounds "9"]

1. e4 d5 2. exd5 Qxd5 3. Nc3 Qa5 4. d4 Nf6 5. Bc4 Bg4 6. f3 Bd7 7. Nge2 c5 8.
Qd2 cxd4 9. Nxd4 e6 10. Ndb5 Nc6 11. Nd6+ Bxd6 12. Qxd6 O-O-O 13. Bd2 Ne5 14.
Nb5 Bxb5 15. Qc5+ Qc7 16. Qxc7+ Kxc7 17. Bxb5 Rd5 18. c4 Nd3+ 19. Ke2 Rdd8 20.
b4 e5 21. Bc3 e4 22. Rhd1 a6 23. Ba4 b5 24. Bxf6 gxf6 25. cxb5 exf3+ 26. Kxf3
Nxb4 27. bxa6 Nxa6 28. Rdc1+ Kb7 29. Rab1+ Ka7 30. Rc6 Rd3+ 31. Ke2 Rd4 32. Bb5
Re8+ 33. Kf3 Re6 34. Rbc1 Nb4 35. Rc8 Nd5 36. g3 Re3+ 37. Kf2 Rd2+ 38. Kg1 f5
39. Rf8 Nc3 40. Rxf7+ Kb6 41. a4 Nxb5 42. axb5 Ree2 43. Rxh7 Kxb5 44. Rf1 Kc6
45. Rxf5 Kd6 46. Rf6+ Kc5 47. Rf1 Ra2 48. Kh1 Kd5 49. g4 Rg2 50. Rg1 Rxg1+ 51.
Kxg1 Ke4 52. Rf7 Ke5 53. Rf2 1-0

[Event "Skopje MKD"]
[Site "Skopje MKD"]
[Date "2014.03.31"]
[Round "4.52"]
[White "Saracy, Nderim"]
[Black "Posedaru, Bogdan Stefan"]
[Result "0-1"]
[WhiteElo "2090"]
[BlackElo "2381"]
[PlyCount "100"]
[EventDate "2014.03.29"]
[EventType "swiss"]
[EventRounds "9"]

1. d4 Nf6 2. Nf3 g6 3. g3 Bg7 4. Bg2 O-O 5. O-O d6 6. c4 a6 7. Nc3 Nc6 8. h3
Bd7 9. Be3 Rb8 10. Rc1 Na5 11. Nd2 b5 12. cxb5 axb5 13. b4 Nc4 14. Nxc4 bxc4
15. b5 d5 16. a4 c6 17. Bf4 Rb7 18. Be5 Ne8 19. e4 e6 20. bxc6 Bxc6 21. exd5
exd5 22. Bxg7 Nxg7 23. Qf3 Rd7 24. Ra1 Nf5 25. Qf4 Qa5 26. Ra3 Rb7 27. g4 Ne7
28. Qf6 Rd8 29. Re1 Qb4 30. Rea1 Rd6 31. Qf4 Re6 32. Kh2 Qa5 33. Qg3 Nc8 34. f4
Rbe7 35. f5 Re3 36. Qb8 Re8 37. Nxd5 Bxd5 38. Rxe3 Rxe3 39. Qxc8+ Kg7 40. Rf1
Bxg2 41. f6+ Kh6 42. Rf5 gxf5 43. Qg8 Rxh3+ 44. Kxg2 Qd5+ 45. Kxh3 Qh1+ 46. Kg3
Qg1+ 47. Kf3 Qxg4+ 48. Qxg4 fxg4+ 49. Ke2 g3 50. d5 g2 0-1

[Event "Skopje MKD"]
[Site "Skopje MKD"]
[Date "2014.03.31"]
[Round "4.53"]
[White "Ali Marandi, Cemil Can"]
[Black "Grigoriadis, Mihail"]
[Result "1-0"]
[WhiteElo "2380"]
[BlackElo "1940"]
[PlyCount "83"]
[EventDate "2014.03.29"]
[EventType "swiss"]
[EventRounds "9"]

1. e4 Nc6 2. Nf3 e5 3. Bb5 a6 4. Ba4 Nf6 5. O-O b5 6. Bb3 Be7 7. Re1 O-O 8. c3
d5 9. d4 Nxe4 10. dxe5 Be6 11. Bc2 Bg4 12. h3 Bxf3 13. gxf3 Ng5 14. f4 Nxh3+
15. Kg2 Nxf2 16. Kxf2 Bh4+ 17. Kg2 Bxe1 18. Qxe1 f6 19. e6 f5 20. Nd2 Qd6 21.
Nf3 Rae8 22. Bd2 Rxe6 23. Qf2 Rg6+ 24. Kf1 Rh6 25. Re1 Rh1+ 26. Ng1 Rf6 27. Qg2
Rfh6 28. Bb3 R1h2 29. Qxd5+ Qxd5 30. Bxd5+ Kf8 31. Be3 Ke7 32. Bf2+ Kd7 33. Nf3
Rh1+ 34. Bg1 R1h5 35. Bf7 Rh3 36. Ng5 Rd3 37. Be6+ Rxe6 38. Nxe6 Rg3 39. Nc5+
Kd8 40. Bf2 Rh3 41. Ne6+ Ke7 42. Ng5+ 1-0

[Event "Skopje MKD"]
[Site "Skopje MKD"]
[Date "2014.03.31"]
[Round "4.54"]
[White "Orehek, Spela"]
[Black "Radovanovic, Dusan"]
[Result "0-1"]
[WhiteElo "2018"]
[BlackElo "2379"]
[PlyCount "66"]
[EventDate "2014.03.29"]
[EventType "swiss"]
[EventRounds "9"]

1. e4 c5 2. c3 d5 3. exd5 Qxd5 4. d4 Nf6 5. Nf3 e6 6. Na3 Qd8 7. Bb5+ Bd7 8.
Qa4 a6 9. Bxd7+ Nbxd7 10. dxc5 Bxc5 11. Nc2 O-O 12. O-O b5 13. Qb3 Qb6 14. Bg5
Ne4 15. Bh4 Ne5 16. Nce1 Ng6 17. Bg3 Rad8 18. Qc2 Nxg3 19. hxg3 Qd6 20. Kh1 Qd5
21. Qb3 Qh5+ 22. Kg1 Qg4 23. Nc2 Qxg3 24. Ncd4 Qg4 25. Rfd1 Rd5 26. Nh2 Qh4 27.
Nhf3 Qh5 28. Ne2 Nh4 29. Nfd4 Qg4 30. g3 Nf3+ 31. Nxf3 Qxf3 32. Rxd5 Qxf2+ 33.
Kh1 Qf3+ 0-1

[Event "Skopje MKD"]
[Site "Skopje MKD"]
[Date "2014.03.31"]
[Round "4.55"]
[White "Maier, Christian"]
[Black "Jovchev, Riste"]
[Result "1-0"]
[WhiteElo "2376"]
[BlackElo "1749"]
[PlyCount "69"]
[EventDate "2014.03.29"]
[EventType "swiss"]
[EventRounds "9"]

1. d4 d5 2. c4 c6 3. Nf3 Nf6 4. e3 Bf5 5. Nc3 e6 6. Be2 dxc4 7. Bxc4 Bd6 8. O-O
O-O 9. Qe2 Ne4 10. Rd1 Qc7 11. Bd3 Nxc3 12. bxc3 Bxd3 13. Rxd3 Nd7 14. e4 e5
15. Nh4 exd4 16. cxd4 Bxh2+ 17. Kh1 Bf4 18. Qg4 Bxc1 19. Nf5 g6 20. Rxc1 Rae8
21. e5 Kh8 22. Rh3 Nxe5 23. dxe5 Qxe5 24. Qh4 h5 25. Ne3 Kg7 26. Rg1 Re7 27.
Nf5+ Qxf5 28. Qxe7 Qxf2 29. a3 Qc2 30. Rf1 Qb2 31. Rhf3 Qa2 32. Qxb7 g5 33.
Qxc6 g4 34. Qf6+ Kh7 35. Rf5 1-0

[Event "Skopje MKD"]
[Site "Skopje MKD"]
[Date "2014.03.31"]
[Round "4.56"]
[White "Citoler Serrat, Adriano"]
[Black "Bulmaga, Irina"]
[Result "0-1"]
[WhiteElo "1871"]
[BlackElo "2375"]
[PlyCount "72"]
[EventDate "2014.03.29"]
[EventType "swiss"]
[EventRounds "9"]

1. e4 c5 2. Nf3 d6 3. d4 cxd4 4. Nxd4 Nf6 5. Nc3 a6 6. Be2 e5 7. Nb3 Be6 8. O-O
Be7 9. Kh1 O-O 10. f4 exf4 11. Bxf4 Nc6 12. Qe1 Ne5 13. Rd1 Qc7 14. Qg3 Kh8 15.
Rd4 Rac8 16. Rfd1 Ne8 17. h4 Ng6 18. Bg5 h6 19. Bxe7 Qxe7 20. h5 Ne5 21. R1d2
Nf6 22. Rxd6 Bxb3 23. axb3 Rxc3 24. Qxc3 Nxe4 25. Qd4 Nxd2 26. Qxd2 Qh4+ 27.
Kg1 Re8 28. Rd4 Qf6 29. Rd6 Qe7 30. c3 f5 31. Rd4 Nc6 32. Bc4 Nxd4 33. Qxd4 Qg5
34. Bf7 Re1+ 35. Kf2 Re4 36. Qc5 Qd2+ 0-1

[Event "Skopje MKD"]
[Site "Skopje MKD"]
[Date "2014.03.31"]
[Round "4.57"]
[White "Maisuradze, Nino"]
[Black "Harika, Dronavalli"]
[Result "0-1"]
[WhiteElo "2274"]
[BlackElo "2487"]
[PlyCount "80"]
[EventDate "2014.03.29"]
[EventType "swiss"]
[EventRounds "9"]

1. d4 Nf6 2. c4 e6 3. Nf3 Nc6 4. a3 d6 5. Nc3 g6 6. e4 Bg7 7. Be2 O-O 8. O-O
Re8 9. d5 Ne7 10. h3 h6 11. Be3 g5 12. dxe6 Bxe6 13. Nd4 Ng6 14. Nf5 Bxf5 15.
exf5 Nh4 16. Bg4 Qd7 17. Nd5 c5 18. Bxc5 h5 19. Bxh5 Qc6 20. Bd4 Nxd5 21. Bxf7+
Kxf7 22. Qh5+ Kg8 23. Qxg5 Nxf5 24. cxd5 Qd7 25. Bxg7 Nxg7 26. f4 Qf5 27. Qxf5
Nxf5 28. g4 Ne3 29. Rf3 Rac8 30. Re1 Nxd5 31. Rd1 Rc5 32. b4 Rc3 33. Kg2 Rc2+
34. Kg3 Nc3 35. Rdd3 Ne4+ 36. Kh4 Kg7 37. g5 Rg2 38. Rg3 Nxg3 39. Rxg3 Rxg3 40.
Kxg3 d5 0-1

[Event "Skopje MKD"]
[Site "Skopje MKD"]
[Date "2014.03.31"]
[Round "4.58"]
[White "Todorovic, Goran M"]
[Black "Piskur, Mitja"]
[Result "1/2-1/2"]
[WhiteElo "2476"]
[BlackElo "2285"]
[PlyCount "94"]
[EventDate "2014.03.29"]
[EventType "swiss"]
[EventRounds "9"]

1. e4 d5 2. exd5 Qxd5 3. Nc3 Qd8 4. Nf3 Nf6 5. Bc4 a6 6. a4 Nc6 7. h3 Bf5 8. d4
Nb4 9. Bb3 e6 10. Nh4 Bg6 11. O-O Bh5 12. g4 Bg6 13. Nxg6 hxg6 14. Qf3 Be7 15.
Re1 O-O 16. Bf4 c6 17. Be5 Nbd5 18. Ne2 b5 19. Kg2 Nd7 20. Bg3 Bh4 21. axb5
Bxg3 22. bxc6 Bxf2 23. Qxf2 N7f6 24. Qf3 Qd6 25. c4 Nc7 26. Rad1 Rab8 27. Rd3
Rb4 28. Nc1 a5 29. Na2 Rbb8 30. Re2 Rfd8 31. Red2 Na6 32. Ba4 Qc7 33. Bb5 Nb4
34. Nxb4 axb4 35. Rb3 Rd6 36. Rd1 Rbd8 37. Rbd3 e5 38. Qg3 exd4 39. c5 Rxc6 40.
Bxc6 Qxc6+ 41. Kg1 Qxc5 42. Qf4 Nh7 43. Rxd4 Ng5 44. Kf1 Qb5+ 45. R1d3 Rxd4 46.
Qxd4 Ne6 47. Qd5 Nc5 1/2-1/2

[Event "Skopje MKD"]
[Site "Skopje MKD"]
[Date "2014.03.31"]
[Round "4.59"]
[White "Dancevski, Orce"]
[Black "Zugaj, Fjodor"]
[Result "0-1"]
[WhiteElo "2388"]
[BlackElo "2194"]
[PlyCount "90"]
[EventDate "2014.03.29"]
[EventType "swiss"]
[EventRounds "9"]

1. e4 c6 2. d4 d5 3. exd5 cxd5 4. c4 Nf6 5. Nc3 Nc6 6. Bg5 Bg4 7. f3 Be6 8. c5
g6 9. Bb5 Bg7 10. Nge2 O-O 11. Bxc6 bxc6 12. O-O Ne8 13. b4 Nc7 14. a4 Rb8 15.
Rb1 Bf5 16. Rb3 f6 17. Bh4 Bd7 18. Qd3 Qe8 19. g4 e5 20. h3 g5 21. Bg3 Qg6 22.
Qxg6 hxg6 23. Kg2 Rb7 24. Rfb1 Rfb8 25. Nc1 exd4 26. N3e2 f5 27. Bd6 a6 28. Rd3
a5 29. b5 cxb5 30. Nxd4 Bxd4 31. Rxd4 bxa4 32. Rb6 Rxb6 33. cxb6 Rxb6 34. Bxc7
Rc6 35. Bxa5 Rxc1 36. Rxd5 a3 37. Bd8 a2 38. Bf6 Bc6 39. Ra5 Rc2+ 40. Kf1 f4
41. Ra7 Bxf3 42. Bxg5 Rc1+ 43. Kf2 Bd5 44. Bf6 Rc2+ 45. Ke1 f3 0-1

[Event "Skopje MKD"]
[Site "Skopje MKD"]
[Date "2014.03.31"]
[Round "4.61"]
[White "Milenkovic, Mladen"]
[Black "Brzezinski, Adam"]
[Result "1-0"]
[WhiteElo "2373"]
[BlackElo "2165"]
[PlyCount "123"]
[EventDate "2014.03.29"]
[EventType "swiss"]
[EventRounds "9"]

1. e4 e6 2. d4 d5 3. e5 c5 4. c3 Qb6 5. Nf3 Nc6 6. a3 Nh6 7. b4 cxd4 8. cxd4
Nf5 9. Be3 Nxe3 10. fxe3 Bd7 11. Bd3 Rc8 12. O-O Be7 13. Nbd2 O-O 14. Nb3 a5
15. Nc5 Qc7 16. Qb1 h6 17. b5 Nb8 18. Rc1 b6 19. Na4 Qb7 20. Qb3 Rfd8 21. Re1
f5 22. exf6 Bxf6 23. Ra2 Be8 24. Rf2 Bh5 25. Nc3 Nd7 26. Ne2 Nf8 27. Ng3 Bxf3
28. gxf3 Rc7 29. Ree2 Rdc8 30. Rc2 Rxc2 31. Rxc2 Rc7 32. Ne2 Be7 33. a4 Nd7 34.
e4 Nf6 35. e5 Nd7 36. f4 Qc8 37. Rxc7 Qxc7 38. f5 Nxe5 39. dxe5 Qxe5 40. fxe6
Qxe6 41. Ng3 Kf8 42. Be4 Bc5+ 43. Kg2 Qe5 44. Qxd5 Qxd5 45. Bxd5 Ke7 46. Ne4
Bd4 47. Kf3 Bg1 48. h3 Bd4 49. Ke2 Be5 50. Kd3 Bf4 51. Kc4 g5 52. Nc3 Kd6 53.
Bf3 Bh2 54. Nd5 Bg1 55. Nf6 Ke5 56. Ng8 Kf5 57. Kd5 Bc5 58. Be4+ Kf4 59. Nxh6
Ke3 60. Nf7 Be7 61. Ne5 Bc5 62. Nd7 1-0

[Event "Skopje MKD"]
[Site "Skopje MKD"]
[Date "2014.03.31"]
[Round "4.62"]
[White "Logallo, Claudio"]
[Black "Radovanovic, Jovica"]
[Result "0-1"]
[WhiteElo "2074"]
[BlackElo "2372"]
[PlyCount "51"]
[EventDate "2014.03.29"]
[EventType "swiss"]
[EventRounds "9"]

1. e4 c5 2. Nc3 Nc6 3. f4 g6 4. Nf3 Bg7 5. Bb5 Nd4 6. O-O a6 7. Bd3 d6 8. Nxd4
cxd4 9. Ne2 Nf6 10. Kh1 O-O 11. Nxd4 Nxe4 12. Bxe4 Bxd4 13. Qf3 Qd7 14. f5 d5
15. Bd3 Bg7 16. Qg3 Qc6 17. c3 b6 18. Bc2 d4 19. Bd1 Bb7 20. Bf3 Qb5 21. Qe1
Bxf3 22. Rxf3 Rad8 23. a4 Qc6 24. b3 e5 25. Bb2 e4 26. Rh3 {........} 0-1

[Event "Skopje MKD"]
[Site "Skopje MKD"]
[Date "2014.03.31"]
[Round "4.63"]
[White "Van der Merwe, Cecile Henriette"]
[Black "Draskovic, Luka"]
[Result "0-1"]
[WhiteElo "2026"]
[BlackElo "2360"]
[PlyCount "116"]
[EventDate "2014.03.29"]
[EventType "swiss"]
[EventRounds "9"]

1. e4 d6 2. d4 Nf6 3. Nc3 e5 4. f4 exd4 5. Qxd4 Nc6 6. Bb5 Bd7 7. Qf2 g6 8. Nf3
Bg7 9. Bd2 O-O 10. O-O-O a6 11. Bxc6 Bxc6 12. Rhe1 b5 13. e5 b4 14. exf6 Qxf6
15. Ng5 Rfe8 16. g4 a5 17. Rxe8+ Rxe8 18. Re1 Rxe1+ 19. Bxe1 h6 20. Nge4 Qe7
21. Qe2 bxc3 22. Nxc3 Qxe2 23. Nxe2 Bf3 24. Nc3 Bd4 25. Nb5 Bb6 26. g5 h5 27.
Bc3 Bc6 28. Nd4 Bd7 29. Kd2 Kf8 30. Ne2 Bg4 31. Bd4 c5 32. Bf2 Bxe2 33. Kxe2
Ke7 34. Kd3 d5 35. c3 c4+ 36. Ke2 Bc7 37. Kf3 Ke6 38. Bd4 Kf5 39. Be3 a4 40. a3
Bd6 41. h3 Bc7 42. Bd2 Bd8 43. Be3 f6 44. h4 fxg5 45. fxg5 Bc7 46. Bd2 Bb6 47.
Be1 Ba7 48. Bd2 Bb8 49. Be3 Be5 50. Bd2 d4 51. Be1 Bg7 52. Bd2 Ke5 53. Bf4+ Kd5
54. Bd2 Be5 55. Be1 dxc3 56. Bxc3 Bd4 57. Bxd4 Kxd4 58. Kf4 Kd3 0-1

[Event "Skopje MKD"]
[Site "Skopje MKD"]
[Date "2014.03.31"]
[Round "4.64"]
[White "Mihajlovski, Petre"]
[Black "Klasan, Vladimir"]
[Result "0-1"]
[WhiteElo "2007"]
[BlackElo "2345"]
[PlyCount "112"]
[EventDate "2014.03.29"]
[EventType "swiss"]
[EventRounds "9"]

1. d4 Nf6 2. c4 c5 3. d5 e6 4. Nc3 exd5 5. cxd5 d6 6. e4 g6 7. Bd3 Bg7 8. Nge2
O-O 9. O-O Na6 10. a3 Nc7 11. h3 a6 12. a4 Rb8 13. a5 b5 14. axb6 Rxb6 15. f4
Bd7 16. Ng3 Bb5 17. Qf3 Bxd3 18. Qxd3 Nd7 19. e5 dxe5 20. f5 e4 21. Ncxe4 Bd4+
22. Kh1 Nxd5 23. Bg5 Qb8 24. Bh6 Rb3 25. Qc4 Ne3 26. Bxe3 Rxe3 27. fxg6 hxg6
28. Ra3 Rxa3 29. bxa3 Qb5 30. Qc1 Bg7 31. Qf4 Qb8 32. Qh4 f6 33. Qg4 f5 34.
Qxg6 fxe4 35. Qe6+ Kh8 36. Nf5 Qe8 37. Qc4 Qe5 38. g4 Qc3 39. Qe2 Qxh3+ 40. Qh2
Qxh2+ 41. Kxh2 c4 42. Rc1 Rxf5 43. gxf5 c3 44. Kg3 Nc5 45. Rc2 Nb3 46. Kf4 Nd4
47. Rh2+ Kg8 48. Ke3 c2 49. Rh1 Nb3 50. Kxe4 c1=Q 51. Rxc1 Nxc1 52. Kd5 Kf7 53.
a4 a5 54. Kc4 Bf8 55. Kb5 Bb4 56. Kc4 Kf6 0-1

[Event "Skopje MKD"]
[Site "Skopje MKD"]
[Date "2014.03.31"]
[Round "4.65"]
[White "Dinev, Dejan"]
[Black "Demircioglu, Emre"]
[Result "0-1"]
[WhiteElo "2342"]
[BlackElo "2152"]
[PlyCount "96"]
[EventDate "2014.03.29"]
[EventType "swiss"]
[EventRounds "9"]

1. d4 Nf6 2. Nf3 e6 3. e3 b6 4. Bd3 Bb7 5. O-O c5 6. Re1 d6 7. c3 g6 8. Nbd2
Bg7 9. b4 O-O 10. bxc5 dxc5 11. Ba3 Nc6 12. Rc1 e5 13. Bb5 e4 14. Ng5 Qd5 15.
h4 h6 16. Bc4 Qf5 17. Nh3 Rad8 18. Qe2 Rfe8 19. Bb5 Bf8 20. Bb2 Bd6 21. Nf1 Nh5
22. Red1 Qf6 23. g3 Qf5 24. Kg2 Nf6 25. Nf4 g5 26. g4 gxf4 27. gxf5 f3+ 28. Kh1
fxe2 29. Bxe2 Ne7 30. c4 Nxf5 31. dxc5 Be7 32. cxb6 axb6 33. Nd2 Nxh4 34. Rg1+
Kh7 35. Nb3 Rg8 36. Bd4 Nd7 37. Bh5 Nf3 38. Rxg8 Kxg8 39. Bxf3 exf3 40. Rg1+
Bg5 41. a4 Ra8 42. Ra1 Bh4 43. Kg1 Kh7 44. a5 Rg8+ 45. Kf1 Rg2 46. e4 Bxe4 47.
axb6 Bd3+ 48. Ke1 Bg5 0-1

[Event "Skopje MKD"]
[Site "Skopje MKD"]
[Date "2014.03.31"]
[Round "4.66"]
[White "Stojkovska, Monika"]
[Black "Nikolova, Adriana"]
[Result "0-1"]
[WhiteElo "1997"]
[BlackElo "2341"]
[PlyCount "112"]
[EventDate "2014.03.29"]
[EventType "swiss"]
[EventRounds "9"]

1. e4 c5 2. c3 Nf6 3. e5 Nd5 4. d4 cxd4 5. Nf3 e6 6. cxd4 b6 7. Nc3 Bb7 8. Bd3
Nxc3 9. bxc3 Qc7 10. Bd2 d6 11. O-O Nd7 12. Re1 dxe5 13. dxe5 h6 14. Qe2 a6 15.
Be4 Rc8 16. Nd4 Bxe4 17. Qxe4 Nc5 18. Qf3 Na4 19. Qh5 g6 20. Qh3 Qc4 21. Re3
Bc5 22. Qh4 Be7 23. Qe4 Nc5 24. Qg4 h5 25. Qe2 Qxe2 26. Nxe2 Na4 27. Re4 b5 28.
Rc1 Nb2 29. h4 Rc4 30. Nd4 Nd3 31. Rd1 Nc5 32. Rf4 Na4 33. Ne2 Rc5 34. Re4 Nb2
35. Rb1 Nc4 36. Bg5 Bxg5 37. hxg5 Nd2 38. Rbb4 Nxe4 39. Rxe4 Ke7 40. Re3 Rd8
41. Nd4 b4 42. Ne2 Rd1+ 43. Kh2 Re1 44. cxb4 Rc2 45. Nd4 Rxe3 46. Nxc2 Rxe5 47.
Ne3 Rxg5 48. f4 Rb5 49. a3 a5 50. Nc2 axb4 51. axb4 Kd6 52. Kg3 Kd5 53. Kf3 Rb8
54. Ke3 Kc4 55. Kd2 Rd8+ 56. Kc1 Rd3 0-1

[Event "Skopje MKD"]
[Site "Skopje MKD"]
[Date "2014.03.31"]
[Round "4.67"]
[White "Asani, Adem"]
[Black "Yildiz, Betul Cemre"]
[Result "0-1"]
[WhiteElo "1991"]
[BlackElo "2337"]
[PlyCount "66"]
[EventDate "2014.03.29"]
[EventType "swiss"]
[EventRounds "9"]

1. e4 e5 2. Nf3 Nc6 3. d4 exd4 4. Nxd4 Bc5 5. Nxc6 Qf6 6. Qf3 bxc6 7. Qxf6 Nxf6
8. Bd3 O-O 9. O-O Re8 10. Nd2 d6 11. h3 Rb8 12. Kh1 Bd7 13. f3 Nh5 14. Kh2 d5
15. Nb3 Bd6+ 16. Kg1 Ng3 17. Rd1 dxe4 18. fxe4 Nxe4 19. Be3 Nc3 20. Re1 Nd5 21.
Bxa7 Rxe1+ 22. Rxe1 Ra8 23. Nc5 Be8 24. Nb3 Kf8 25. Bd4 Rxa2 26. c4 Nf4 27. Bb1
Ra4 28. Bxg7+ Kxg7 29. Rxe8 Ne6 30. Bf5 Rb4 31. Bxe6 fxe6 32. Na5 Rxb2 33. Rxe6
Bg3 0-1

[Event "Skopje MKD"]
[Site "Skopje MKD"]
[Date "2014.03.31"]
[Round "4.68"]
[White "Dimitrov, Pavel"]
[Black "Velikic, Adela"]
[Result "1-0"]
[WhiteElo "2333"]
[BlackElo "2078"]
[PlyCount "69"]
[EventDate "2014.03.29"]
[EventType "swiss"]
[EventRounds "9"]

1. d4 Nf6 2. Nf3 c5 3. c3 d5 4. Bg5 e6 5. e3 Nc6 6. Nbd2 Be7 7. Bd3 h6 8. Bh4
b6 9. O-O Bb7 10. a3 a5 11. Bb5 O-O 12. Re1 Ne4 13. Bxe7 Qxe7 14. Nxe4 dxe4 15.
Nd2 Na7 16. Bf1 Rfd8 17. Qb1 Qh4 18. b4 Rab8 19. g3 Qg4 20. Bg2 e5 21. bxc5
bxc5 22. Qb6 Nc6 23. Qxc5 Rbc8 24. Qb5 Ba8 25. Nxe4 Na7 26. Qxe5 Re8 27. Qxa5
Bxe4 28. Bxe4 Qxe4 29. Qxa7 Rxc3 30. Rac1 Rb3 31. Qa4 Rb2 32. Qc6 Qe7 33. Rb1
Ra2 34. Rb7 Qd8 35. Rxf7 1-0

[Event "Skopje MKD"]
[Site "Skopje MKD"]
[Date "2014.03.31"]
[Round "4.69"]
[White "Taylor, Robert Graham"]
[Black "Emiroglu, Cankut"]
[Result "0-1"]
[WhiteElo "1945"]
[BlackElo "2328"]
[PlyCount "50"]
[EventDate "2014.03.29"]
[EventType "swiss"]
[EventRounds "9"]

1. d4 Nf6 2. c4 e6 3. Nc3 Bb4 4. e3 c5 5. Bd3 O-O 6. Nf3 Nc6 7. O-O Bxc3 8.
bxc3 d6 9. e4 e5 10. Be3 b6 11. h3 Re8 12. d5 Ne7 13. Nh4 Ng6 14. Nxg6 hxg6 15.
Bg5 Qc7 16. Bxf6 gxf6 17. f4 Kg7 18. Qf3 Qe7 19. Rf2 a5 20. Raf1 Ra7 21. Qg3
Rh8 22. Rb1 Rb7 23. Qf3 Rh4 24. g4 exf4 25. Qxf4 Rxh3 0-1

[Event "Skopje MKD"]
[Site "Skopje MKD"]
[Date "2014.03.31"]
[Round "4.70"]
[White "Doncevic, Dario"]
[Black "Blagojevic, Tijana"]
[Result "0-1"]
[WhiteElo "2304"]
[BlackElo "2028"]
[PlyCount "70"]
[EventDate "2014.03.29"]
[EventType "swiss"]
[EventRounds "9"]

1. c4 e5 2. Nc3 Bb4 3. Qc2 Nc6 4. e3 Bxc3 5. Qxc3 Nf6 6. Nf3 Qe7 7. d3 d5 8.
cxd5 Nxd5 9. Qc2 Bg4 10. Be2 Ndb4 11. Qb1 Qc5 12. O-O Bxf3 13. Bxf3 Nc2 14. b4
N6xb4 15. a3 Nxd3 16. Ra2 Nce1 17. Bxb7 Qxc1 18. Qb5+ Ke7 19. Bxa8 Rxa8 20. Re2
Qxa3 21. Qb7 Re8 22. Qxc7+ Kf8 23. Qc4 a5 24. Ra2 Qb4 25. Qa6 Qe4 26. f3 Qxe3+
27. Kh1 Nb4 28. Qd6+ Kg8 29. Rxa5 Qe2 30. Rg1 Nbd3 31. h3 Qd2 32. Qe7 Nf2+ 33.
Kh2 Rf8 34. Qxe5 Nxf3+ 35. gxf3 Ng4+ 0-1